000 00380nam a22001577a 4500
005 20250602135747.0
008 250602b |||||||| |||| 00| 0 eng d
020 _a9789988596712
050 _aBV5790
_bHEW
100 _aDAG-HEWARD-MILLS
245 _aEVANGELISM AND MISSIONS
250 _a1ST
260 _aACCRA
_bPARCHMENT HOUSE
_cc2007
300 _a315p
942 _2lcc
_cBK
_n0
999 _c6144
_d6144